• 首页
  • 本馆介绍
  • 公告通知
  • 最新文献
  • 馆藏检索
  • 电子资源
  • 读者导购
  • 参考咨询
  • 我的图书馆
  • 登录
  • 详细信息显示
  • 放入我的书架
  • 预约/预借图书
  • 作者相关作品
  • 分类相关作品
  • 丛书相关作品
  • 出版社相关作品

书目信息

  • 表格格式
  • 工作单格式
  • 卡片格式
题名:
生物碱
    
 
作者: 杨秀伟 主编
分册:  
出版信息: 北京   化学工业出版社  2005
页数: 477页
开本: 26cm
丛书名: 实用天然产物手册
单 册:
中图分类: O629.3-62
科图分类:
主题词: 生物碱--手册 , 生物碱
电子资源:
ISBN: 7-5025-6331-8
000 00931oam2 2200277 450
001 002903920
005 20080303091402.96
010    @a7-5025-6331-8@dCNY80.00
035    @a002903920
100    @a20050627d2005 em y0chiy0110 ea
101 0  @achi
102    @aCN@b110000
105    @ay z 001yy
106    @ar
200 1  @a生物碱@Asheng wu jian@f杨秀伟主编
210    @a北京@c化学工业出版社@d2005
215    @a477页@d26cm
225 2  @a实用天然产物手册
330    @a本书总结了国内外有生物活性天然生物碱研究的成果,共收录了700多种天然生物碱,每种生物碱项下包括异名、结构式、分子式、相对分子质量、理化常数及谱学数据、来源、分析方法、生物活性与毒性、临床与实用价值、参考文献等内容。
461  0 @1001002797501@12001 @a实用天然产物手册
606 0  @a生物碱@j手册
606 0  @a生物碱
690    @aO629.3-62@v4
701  0 @a杨秀伟@Ayang xiu wei@c(药物学)@4主编
801  0 @aCN@bNLC@c20080303
905    @dO629.3-62@e10@f4
    
    生物碱/杨秀伟主编.-北京:化学工业出版社,2005
    477页;26cm.-(实用天然产物手册)
    
    
    ISBN 7-5025-6331-8:CNY80.00
    本书总结了国内外有生物活性天然生物碱研究的成果,共收录了700多种天然生物碱,每种生物碱项下包括异名、结构式、分子式、相对分子质量、理化常数及谱学数据、来源、分析方法、生物活性与毒性、临床与实用价值、参考文献等内容。
●
相关链接 在E读中查询图书 在五车中查询图书 在当当中查询图书 在豆瓣中查询图书


正题名:生物碱     索取号:O629.3-62/10         预约/预借

序号 登录号 条形码 馆藏地/架位号 状态 备注
1 0614711   206147114   第二样本阅览室/ [索取号:O629.3-62/10] 在馆    
2 0614712   206147123   第三借阅区/ [索取号:O629.3-62/10] 在馆    
3 0614713   206147132   第三借阅区/ [索取号:O629.3-62/10] 在馆    
4 0614714   206147141   第三借阅区/ [索取号:O629.3-62/10] 在馆    
唐山师范学院图书馆 欢迎您!
大连网信软件有限公司© 版权所有